[Event "WLS-chB 68th"]
[Site "Cardiff"]
[Date "2024.04.01"]
[Round "6"]
[White "Swamy, Anshul"]
[Black "Williams, John A"]
[Result "1-0"]
[WhiteElo "1684"]
[BlackElo "1633"]
[PlyCount "67"]
[EventDate "2024.03.29"]
[EventType "swiss"]
[EventRounds "7"]
[EventCountry "WLS"]
[SourceTitle "CB14_2024"]
[SourceDate "2024.04.01"]
[SourceVersion "1"]
[SourceVersionDate "2024.04.01"]
[SourceQuality "1"]

1. e4 d6 2. d4 Nf6 3. Nc3 c6 4. h3 Qa5 5. Bd3 e5 6. dxe5 dxe5 7. Nf3 Be7 8. 0-0 0-0 9. Bd2 Qc7 10. Ne2 Nbd7 11. Bc3 Re8 12. Ng3 Bf8 13. Re1 a5 14. Qd2 b6 15. a3 Bb7 16. Rad1 Rad8 17. Nf5 c5 18. Qg5 c4 19. Nh6+ Kh8 20. Nxf7+ Kg8 21. Nxd8 cxd3 22. Nxb7 dxc2 23. Rc1 Qxb7 24. Nxe5 Nc5 25. f3 Rxe5 26. Bxe5 Nd3 27. Rxc2 Bc5+ 28. Re3 Nxe5 29. Rxc5 Nxf3+ 30. gxf3 bxc5 31. Qxc5 Qxb2 32. Qxa5 Qc1+ 33. Re1 h6 34. Rxc1 1-0

[Event "WLS-chB 68th"]
[Site "Cardiff"]
[Date "2024.03.29"]
[Round "2"]
[White "Jones, Steve"]
[Black "Swamy, Anshul"]
[Result "1-0"]
[WhiteElo "1791"]
[BlackElo "1684"]
[PlyCount "57"]
[EventDate "2024.03.29"]
[EventType "swiss"]
[EventRounds "7"]
[EventCountry "WLS"]
[SourceTitle "CB14_2024"]
[SourceDate "2024.04.01"]
[SourceVersion "1"]
[SourceVersionDate "2024.04.01"]
[SourceQuality "1"]

1. d4 d5 2. Nc3 Nf6 3. Bf4 a6 4. e3 Nc6 5. a3 Bf5 6. f3 e6 7. g4 Bg6 8. h4 h5 9. g5 Nd7 10. Bd3 Bxd3 11. Qxd3 g6 12. Nge2 Bg7 13. 0-0-0 Nb6 14. Rhe1 Qd7 15. e4 0-0-0 16. Be3 Ne7 17. Kb1 e5 18. dxe5 dxe4 19. Qxe4 Qe6 20. f4 Nc4 21. Bc1 Nf5 22. Nd5 Na5 23. Rd3 Nxh4 24. Red1 Nc6 25. Qc4 Nf5 26. Nec3 h4 27. Ne4 Bf8 28. Qc3 Nfd4 29. Rxd4 1-0

[Event "Swansea West Wales op"]
[Site "Swansea"]
[Date "2022.11.12"]
[Round "2"]
[White "Fathallah, Joe"]
[Black "Swamy, Anshul"]
[Result "1-0"]
[WhiteElo "1979"]
[BlackElo "1486"]
[PlyCount "53"]
[EventDate "2022.11.11"]
[EventType "swiss"]
[EventRounds "5"]
[EventCountry "WLS"]
[SourceTitle "EXT 2024"]
[Source "ChessBase"]
[SourceDate "2023.10.10"]
[SourceVersion "1"]
[SourceVersionDate "2023.10.10"]
[SourceQuality "1"]

1. d4 d5 2. c4 e6 3. Nc3 Nf6 4. cxd5 exd5 5. Bg5 Be6 6. e3 a6 7. Bd3 Be7 8. Qc2 h6 9. Bh4 b6 10. Nge2 c5 11. Nf4 g5 12. Nxe6 fxe6 13. Bg6+ Kd7 14. Bg3 c4 15. Qe2 Bd6 16. Bxd6 Kxd6 17. e4 Ke7 18. exd5 Nxd5 19. 0-0 Nf4 20. Qe4 Ra7 21. Rfe1 Kf6 22. Rad1 Nxg6 23. Qxe6+ Kg7 24. Qxc4 Rd7 25. d5 Nf8 26. Ne4 b5 27. Qd4+ 1-0